| 000 | 00836cab a2200217 4500 | ||
|---|---|---|---|
| 001 | X96648 | ||
| 008 | 090401t1999 xxu||||| |||| 00| 0 eng d | ||
| 035 | _a(Sirsi) u91300 | ||
| 041 | _aeng | ||
| 245 | _aWards Construction (Medway) Ltd v Kent CC | ||
| 260 | _c1999 | ||
| 350 | _a0 | ||
| 490 |
_aNew Property Cases _v[1999] NPC 16, 1-3(3) |
||
| 520 | _aS278 of the Highways Act 1980 given a broad construction to give authority to the council to recover the cost of land compulsorily acquired. Headnote from journal - no photocopying allowed. | ||
| 650 |
_aCompulsory purchase _96228 |
||
| 650 | _aHIGHWAYS ACT 1980 S278 | ||
| 650 | _aWARDS CONSTRUCTION (MEDWAY) LTD V KENT CC | ||
| 690 | _aENVIRONMENTAL AND LAND CONSULTANCY-PLANNING AND DEVELOPMENT-COMPULSORY PURCHASE AND COMPENSATION | ||
| 942 | _n0 | ||
| 948 | _c12/02/1999 | ||
| 999 |
_c57945 _d57945 |
||